• 首页
  • 本馆介绍
  • 公告通知
  • 最新文献
  • 馆藏检索
  • 电子资源
  • 读者导购
  • 参考咨询
  • 我的图书馆
  • 登录
  • 详细信息显示
  • 放入我的书架
  • 预约/预借图书
  • 作者相关作品
  • 分类相关作品
  • 丛书相关作品
  • 出版社相关作品

书目信息

  • 表格格式
  • 工作单格式
  • 卡片格式
题名:
环境化学
    
 
作者: 邵敏 , 赵美萍 编著
分册:  
出版信息: 北京   中国环境科学出版社  2001
页数: 194页
开本: 19cm
丛书名: 环境科学基本知识丛书
单 册:
中图分类: X13
科图分类:
主题词: 环境化学--基本知识 , 环境化学
电子资源:
ISBN: 7-80135-954-2
000 00864oam2 2200289 450
001 (011001)c2001076792
005 20070807164445.03
009 (011001)c2001076792
010    @a7-80135-954-2@dCNY7.60
035    @a(011001)c2001076792
100    @a20010921d2001 em y0chiy0110 ea
101 0  @achi
102    @aCN@b110000
105    @ay z 000yy
106    @ar
200 1  @a环境化学@Ahuan jing hua xue@f邵敏,赵美萍编著@Fshao min, zhao mei ping bian zhu
210    @a北京@c中国环境科学出版社@d2001
215    @a194页@d19cm
225 2  @a环境科学基本知识丛书@Ahuan jing ke xue ji ben zhi shi cong shu
461  0 @12001 @a环境科学基本知识丛书
606 0  @a环境化学@x基本知识
606 0  @a环境化学
690    @aX13@v4
701  0 @a邵敏@Ashao min@4编著
701  0 @a赵美萍@Azhao mei ping@4编著
801  0 @aCN@bNLC@c20070807
905    @dX13@e173@f1
    
    环境化学/邵敏,赵美萍编著.-北京:中国环境科学出版社,2001
    194页;19cm.-(环境科学基本知识丛书)
    
    
    ISBN 7-80135-954-2:CNY7.60
    
●
相关链接 在E读中查询图书 在五车中查询图书 在当当中查询图书 在豆瓣中查询图书


正题名:环境化学     索取号:X13/173         预约/预借

序号 登录号 条形码 馆藏地/架位号 状态 备注
1 0853941   208539410   第二样本阅览室/ [索取号:X13/173] 在馆    
唐山师范学院图书馆 欢迎您!
大连网信软件有限公司© 版权所有